<?xml version="1.0" encoding="UTF-8"?>
<record
    xmlns:xsi="http://www.w3.org/2001/XMLSchema-instance"
    xsi:schemaLocation="http://www.loc.gov/MARC21/slim http://www.loc.gov/standards/marcxml/schema/MARC21slim.xsd"
    xmlns="http://www.loc.gov/MARC21/slim">

  <leader>00637nam a22001937a 4500</leader>
  <controlfield tag="005">20160812133726.0</controlfield>
  <controlfield tag="008">130606b        mx ||||| |||| 00| 0 spa d</controlfield>
  <datafield tag="050" ind1="0" ind2="4">
    <subfield code="a">F1306 </subfield>
    <subfield code="b">.M5 M6 1990</subfield>
  </datafield>
  <datafield tag="050" ind1="0" ind2="4">
    <subfield code="a">F1306</subfield>
    <subfield code="b">M67 1990</subfield>
  </datafield>
  <datafield tag="100" ind1="1" ind2=" ">
    <subfield code="a">Morales Garc&#xED;a, Rogelio </subfield>
  </datafield>
  <datafield tag="245" ind1="1" ind2="0">
    <subfield code="a">Morelia : </subfield>
    <subfield code="b">Hornacina de Recuerdos /</subfield>
    <subfield code="c">Rogelio Morales Garc&#xED;a </subfield>
  </datafield>
  <datafield tag="250" ind1=" " ind2=" ">
    <subfield code="a">1a ed. </subfield>
  </datafield>
  <datafield tag="260" ind1=" " ind2=" ">
    <subfield code="a">Morelia : </subfield>
    <subfield code="b">Gobierno de Michoac&#xE1;n, </subfield>
    <subfield code="c">1990</subfield>
  </datafield>
  <datafield tag="300" ind1=" " ind2=" ">
    <subfield code="a">3 v. :</subfield>
    <subfield code="b">il. ; </subfield>
    <subfield code="c">28 cm. </subfield>
  </datafield>
  <datafield tag="651" ind1=" " ind2="7">
    <subfield code="2">naf</subfield>
    <subfield code="a">Morelia (M&#xE9;xico)</subfield>
    <subfield code="x">Historia </subfield>
  </datafield>
  <datafield tag="651" ind1=" " ind2="7">
    <subfield code="2">naf</subfield>
    <subfield code="a">Morelia (M&#xE9;xico)</subfield>
    <subfield code="x">Arquitectura</subfield>
  </datafield>
  <datafield tag="651" ind1=" " ind2="7">
    <subfield code="2">naf</subfield>
    <subfield code="a">Morelia (M&#xE9;xico)</subfield>
    <subfield code="x">Descripci&#xF3;n y viajes</subfield>
  </datafield>
  <datafield tag="942" ind1=" " ind2=" ">
    <subfield code="2">lcc</subfield>
    <subfield code="c">LIB</subfield>
  </datafield>
  <datafield tag="999" ind1=" " ind2=" ">
    <subfield code="c">2423</subfield>
    <subfield code="d">2423</subfield>
  </datafield>
  <datafield tag="952" ind1=" " ind2=" ">
    <subfield code="1">0</subfield>
    <subfield code="2">lcc</subfield>
    <subfield code="4">0</subfield>
    <subfield code="7">0</subfield>
    <subfield code="a">HEM-021</subfield>
    <subfield code="b">HEM-021</subfield>
    <subfield code="c">GENERAL</subfield>
    <subfield code="d">2013-06-06</subfield>
    <subfield code="f">1</subfield>
    <subfield code="i">T</subfield>
    <subfield code="k">EH</subfield>
    <subfield code="o">F 1306 .M5 M6 1990 </subfield>
    <subfield code="p">hpu000000320</subfield>
    <subfield code="r">2013-06-06 00:00:00</subfield>
    <subfield code="t">1</subfield>
    <subfield code="y">LIB</subfield>
  </datafield>
  <datafield tag="952" ind1=" " ind2=" ">
    <subfield code="1">0</subfield>
    <subfield code="2">lcc</subfield>
    <subfield code="4">0</subfield>
    <subfield code="7">0</subfield>
    <subfield code="a">HEM-021</subfield>
    <subfield code="b">HEM-021</subfield>
    <subfield code="c">GENERAL</subfield>
    <subfield code="d">2013-06-06</subfield>
    <subfield code="f">1</subfield>
    <subfield code="i">T</subfield>
    <subfield code="k">EH</subfield>
    <subfield code="o">F 1306 .M5 M6 1990 </subfield>
    <subfield code="p">hpu000000321</subfield>
    <subfield code="r">2013-06-06 00:00:00</subfield>
    <subfield code="t">2</subfield>
    <subfield code="y">LIB</subfield>
  </datafield>
  <datafield tag="952" ind1=" " ind2=" ">
    <subfield code="1">0</subfield>
    <subfield code="2">lcc</subfield>
    <subfield code="4">0</subfield>
    <subfield code="7">0</subfield>
    <subfield code="a">HEM-021</subfield>
    <subfield code="b">HEM-021</subfield>
    <subfield code="c">GENERAL</subfield>
    <subfield code="d">2013-06-06</subfield>
    <subfield code="f">1</subfield>
    <subfield code="i">T</subfield>
    <subfield code="k">EH</subfield>
    <subfield code="o">F 1306 .M5 M6 1990 </subfield>
    <subfield code="p">hpu000000322</subfield>
    <subfield code="r">2013-06-06 00:00:00</subfield>
    <subfield code="t">3</subfield>
    <subfield code="y">LIB</subfield>
  </datafield>
  <datafield tag="952" ind1=" " ind2=" ">
    <subfield code="1">0</subfield>
    <subfield code="2">lcc</subfield>
    <subfield code="4">0</subfield>
    <subfield code="7">0</subfield>
    <subfield code="a">HEM-021</subfield>
    <subfield code="b">HEM-021</subfield>
    <subfield code="c">GENERAL</subfield>
    <subfield code="d">2013-06-06</subfield>
    <subfield code="f">1</subfield>
    <subfield code="i">T</subfield>
    <subfield code="k">EH</subfield>
    <subfield code="o">F 1306 .M5 M6 1990 </subfield>
    <subfield code="p">hpu000000323</subfield>
    <subfield code="r">2013-06-06 00:00:00</subfield>
    <subfield code="t">4</subfield>
    <subfield code="y">LIB</subfield>
  </datafield>
  <datafield tag="952" ind1=" " ind2=" ">
    <subfield code="1">0</subfield>
    <subfield code="2">lcc</subfield>
    <subfield code="4">0</subfield>
    <subfield code="7">0</subfield>
    <subfield code="a">HEM-021</subfield>
    <subfield code="b">HEM-021</subfield>
    <subfield code="c">GENERAL</subfield>
    <subfield code="d">2013-06-06</subfield>
    <subfield code="f">1</subfield>
    <subfield code="i">T</subfield>
    <subfield code="k">EH</subfield>
    <subfield code="o">F 1306 .M5 M6 1990 </subfield>
    <subfield code="p">hpu000000324</subfield>
    <subfield code="r">2013-06-06 00:00:00</subfield>
    <subfield code="t">5</subfield>
    <subfield code="y">LIB</subfield>
  </datafield>
  <datafield tag="952" ind1=" " ind2=" ">
    <subfield code="1">0</subfield>
    <subfield code="2">lcc</subfield>
    <subfield code="4">0</subfield>
    <subfield code="7">0</subfield>
    <subfield code="a">HEM-021</subfield>
    <subfield code="b">HEM-021</subfield>
    <subfield code="c">GENERAL</subfield>
    <subfield code="d">2013-06-06</subfield>
    <subfield code="f">1</subfield>
    <subfield code="i">T</subfield>
    <subfield code="k">EH</subfield>
    <subfield code="o">F 1306 .M5 M6 1990 </subfield>
    <subfield code="p">hpu000000325</subfield>
    <subfield code="r">2013-06-06 00:00:00</subfield>
    <subfield code="t">6</subfield>
    <subfield code="y">LIB</subfield>
  </datafield>
  <datafield tag="952" ind1=" " ind2=" ">
    <subfield code="1">0</subfield>
    <subfield code="2">lcc</subfield>
    <subfield code="4">0</subfield>
    <subfield code="7">1</subfield>
    <subfield code="a">INV-055</subfield>
    <subfield code="b">INV-055</subfield>
    <subfield code="c">CONSULTA</subfield>
    <subfield code="d">2016-08-12</subfield>
    <subfield code="f">1a</subfield>
    <subfield code="k">CSA</subfield>
    <subfield code="o">F1306 M67 1990</subfield>
    <subfield code="p">IIE000005743</subfield>
    <subfield code="r">2016-08-12 00:00:00</subfield>
    <subfield code="t">C:1 T:1</subfield>
    <subfield code="v">1.00</subfield>
    <subfield code="y">LIB</subfield>
  </datafield>
  <datafield tag="952" ind1=" " ind2=" ">
    <subfield code="1">0</subfield>
    <subfield code="2">lcc</subfield>
    <subfield code="4">0</subfield>
    <subfield code="7">1</subfield>
    <subfield code="a">INV-055</subfield>
    <subfield code="b">INV-055</subfield>
    <subfield code="c">CONSULTA</subfield>
    <subfield code="d">2016-08-12</subfield>
    <subfield code="f">1a</subfield>
    <subfield code="k">CSA</subfield>
    <subfield code="o">F1306 M67 1990</subfield>
    <subfield code="p">IIE000005744</subfield>
    <subfield code="r">2016-08-12 00:00:00</subfield>
    <subfield code="t">C:1 T:2</subfield>
    <subfield code="v">1.00</subfield>
    <subfield code="y">LIB</subfield>
  </datafield>
  <datafield tag="952" ind1=" " ind2=" ">
    <subfield code="1">0</subfield>
    <subfield code="2">lcc</subfield>
    <subfield code="4">0</subfield>
    <subfield code="7">1</subfield>
    <subfield code="a">INV-055</subfield>
    <subfield code="b">INV-055</subfield>
    <subfield code="c">CONSULTA</subfield>
    <subfield code="d">2016-08-12</subfield>
    <subfield code="f">1a</subfield>
    <subfield code="k">CSA</subfield>
    <subfield code="o">F1306 M67 1990</subfield>
    <subfield code="p">IIE000005745</subfield>
    <subfield code="r">2016-08-12 00:00:00</subfield>
    <subfield code="t">C:1 T:3</subfield>
    <subfield code="v">1.00</subfield>
    <subfield code="y">LIB</subfield>
  </datafield>
</record>
